Number 1 by Region #3 - Statistics

General Stats
  • This quiz has been taken 69 times
    67 since last reset
  • The average score is 9 of 15
Answer Stats
Hint Answer % Correct
Biggest country by Area Bulgaria
87%
Biggest country by population China
87%
Biggest country by area China
86%
Biggest country by Area Algeria
79%
Biggest city by population Cairo
76%
Biggest country by population Egypt
76%
Biggest country by population Greece
76%
Biggest city by population Athens
75%
Highest Mountain Mount Everest
65%
Richest country by GDP per capita Slovenia
63%
Biggest city by population Guangzhou
60%
Richest country by GDP per capita Taiwan
57%
Richest country by GDP per capita Algeria
54%
Highest mountain Musala
3%
Highest Mountain Ighil Mgoun
0%
No matching quizzes found
Score Distribution
Percent of People with Each Score
Percentile by Number Answered
Your Score History
You have not taken this quiz since the last reset